Представление документа в формате RUSMARC

ПолеНазваниеЗначение
  Тип записи a
  Библиографический уровень c
001 Контрольный номер SKBR/8b3f6da3-696b-49fa-ba8d-65d938bc95f1
005 Дата корректировки 20231127112227.0
010 Индекс ISBN __
a ISBN 978-5-4484-2811-1
b Уточнения в пер.
9 Тираж 1500 экз.
d Цена 693-79
100 Данные общей обработки __
a Данные общей обработки 20221221d2021 m y0rusy028902 ca
101 Язык документа 1_
a Язык текста rus
c Язык оригинала eng
102 Страна публикации __
a Страна публикации RU
105 Кодированные данные (монография) __
a Кодированные данные (монография) y z 000ay
181 Поле кодированных данных: вид содержания _0
a Код вида содержания (ISBD) i
182 Поле кодированных данных: тип средства _0
a Код типа средства (ISBD) n
200 Заглавие и сведения об ответственности 1_
a Заглавие Смотритель
f Первые сведения об ответственности Энтони Троллоп
e Сведения, относящиеся к заглавию роман, повесть
g Последующие сведения об ответственности перевод с английского Е. М. Доброхотовой-Майковой
g Последующие сведения об ответственности [предисловие Игорь Клеха]
203 Вид содержания и тип средства __
a Вид содержания Текст
c Тип средства непосредственный
210 Выходные данные 1_
d Дата издания 2021
a Место издания Москва
c Издательство Вече
215 Физическое описание __
a Объем 382, [1] с.
c Иллюстрации/тип воспроизводства портр.
d Формат 21 см
225 Серия 2_
a Серия 100 великих романов
300 Общие примечания __
a Общие примечания 1-я книга цикла "Барсетширские хроники"
330 Аннотация __
a Аннотация Энтони Троллоп (1815-1882) принадлежал к числу великих викторианских писателей, а его книги остаются в числе лучших английских романов. "Троллоп убивает меня своим мастерством", - писал в дневнике Лев Толстой. И "самым успешным" и "одним из лучших его произведений", по словам Джоржа Оруэлла, является "Смотритель" - книга, до сих пор популярная, по ней был снят британский телесериал "Барчестерские хроники" с участием Алана Рикмана. В книгу вошла также рождественская повесть Троллопа "Две героини Пламплингтона", действие которой происходит все в том же Барчестере тридцать лет спустя.
464 Аналитический уровень _0
1 2001
a Две героини Пламплингтона
e повесть
517 Другие варианты заглавия 1_
a Другие варианты заглавия Барсетширские хроники
517 Другие варианты заглавия 1_
a Другие варианты заглавия Барчестерские хроники
532 Расширенное заглавие 10
a Расширенное заглавие Сто великих романов
606 Тематические рубрики __
2 Код системы nlr_sh
a Основная рубрика Художественная литература
606 Тематические рубрики __
2 Код системы nlr_sh
a Основная рубрика Литература Европы (произведения)
y Географическая подрубрика Великобритания
z Хронологическая подрубрика 19 в.
610 Ключевые слова 0_
a Ключевые слова зарубежная литература
610 Ключевые слова 0_
a Ключевые слова иностранная литература
610 Ключевые слова 0_
a Ключевые слова английская литература
610 Ключевые слова 0_
a Ключевые слова классическая литература
610 Ключевые слова 0_
a Ключевые слова английская классика
610 Ключевые слова 0_
a Ключевые слова романы
610 Ключевые слова 0_
a Ключевые слова повести
610 Ключевые слова 0_
a Ключевые слова нравоописательные романы
610 Ключевые слова 0_
a Ключевые слова сатирические романы
610 Ключевые слова 0_
a Ключевые слова экранизированные книги
610 Ключевые слова 0_
a Ключевые слова тема Рождества
610 Ключевые слова 0_
a Ключевые слова Рождество
610 Ключевые слова 0_
a Ключевые слова экранизации
686 Индексы других классификаций __
2 Код системы rubbks
a Классификационный индекс 84(4Вел)52-4; ст84(4Вел)-4
700 Автор _1
a Фамилия Троллоп
b Имя Э.
g Полное личное имя Энтони
f Даты 1815-1882
4 Код отношения 070
702 Вторичная интеллектуальная ответственность _1
a Фамилия Доброхотова-Майкова
b Имя Е. М.
f Даты 1960-
g Полное личное имя Екатерина Михайловна
4 Код отношения 730
702 Вторичная интеллектуальная ответственность _1
a Фамилия Клех
b Имя И. Ю.
f Даты 1952-
g Полное личное имя Игорь Юрьевич
4 Код отношения 080
801 Источник записи _0
a Страна RU
b Организация Библиотека им. М.Ю.Лермонтова
c Дата составления 20220316
g Правила каталогизации PSBO
2 Код формата rusmarc
852 Данные о местонахождении __
i Авторский знак Т 71
j Шифр хранения 84(4Вел)52-4
900 Макрообъекты __
a Макрообъекты Смотритель. Троллоп, Э., 2021
901 Тип документа __
a Ответственный КиК/Обаева
t Тип документа x
903 Характеристики (МАРС) __
a Дата передачи 20221221
c Наименование библиотеки (МАРС) Муниципальное бюджетное учреждение культуры "Централизованная библиотечная система" г. Сургут (Центральная городская библиотека им. А. С. Пушкина)
990 Данные о заказе (DOS) __
j Количество экземпляров (DOS) 5
t N записи в КСУ для И/У (DOS) 202302